<?xml version="1.0" encoding="UTF-8"?>
<record
    xmlns:xsi="http://www.w3.org/2001/XMLSchema-instance"
    xsi:schemaLocation="http://www.loc.gov/MARC21/slim http://www.loc.gov/standards/marcxml/schema/MARC21slim.xsd"
    xmlns="http://www.loc.gov/MARC21/slim">

  <leader>01613nam a22002777a 4500</leader>
  <controlfield tag="003"> </controlfield>
  <controlfield tag="005">20220224095059.0</controlfield>
  <controlfield tag="008">210802b 2020 dr         00| 0 eng d</controlfield>
  <datafield tag="020" ind1=" " ind2=" ">
    <subfield code="a">9789945613612 (v.1)</subfield>
  </datafield>
  <datafield tag="020" ind1=" " ind2=" ">
    <subfield code="a">9789945613667 (v.2)</subfield>
  </datafield>
  <datafield tag="040" ind1=" " ind2=" ">
    <subfield code="a">BPMSU </subfield>
    <subfield code="b">spa</subfield>
    <subfield code="c">BPMSU </subfield>
  </datafield>
  <datafield tag="082" ind1=" " ind2=" ">
    <subfield code="a">972.9302 </subfield>
    <subfield code="b">R696c 2020</subfield>
    <subfield code="2">22</subfield>
  </datafield>
  <datafield tag="100" ind1="1" ind2=" ">
    <subfield code="a">Rodr&#xED;guez Morel, Genaro</subfield>
  </datafield>
  <datafield tag="245" ind1="1" ind2="0">
    <subfield code="a">Cuentas de las cajas reales de Santo Domingo : </subfield>
    <subfield code="b">tomadas al tesorero Miguel de Pasamonte por el licenciado Alonso L&#xF3;pez de Cerrato : 1520-1525 /</subfield>
    <subfield code="c">Genaro Rodr&#xED;guez Morel.</subfield>
  </datafield>
  <datafield tag="260" ind1=" " ind2=" ">
    <subfield code="a">Santo Domingo : </subfield>
    <subfield code="b">Archivo General de la Naci&#xF3;n,</subfield>
    <subfield code="c">2020.</subfield>
  </datafield>
  <datafield tag="300" ind1=" " ind2=" ">
    <subfield code="a">2v. ;</subfield>
    <subfield code="c">26 cm. </subfield>
  </datafield>
  <datafield tag="490" ind1="0" ind2=" ">
    <subfield code="a">Archivo General de la Naci&#xF3;n</subfield>
    <subfield code="v">393 / 394</subfield>
  </datafield>
  <datafield tag="500" ind1=" " ind2=" ">
    <subfield code="a">Incluye datos biogr&#xE1;ficos del autor en las solapas.</subfield>
  </datafield>
  <datafield tag="500" ind1=" " ind2=" ">
    <subfield code="a">Incluye referencias bibliogr&#xE1;ficas y notas al pie de las p&#xE1;ginas.
</subfield>
  </datafield>
  <datafield tag="500" ind1=" " ind2=" ">
    <subfield code="a">Incluye &#xED;ndice onom&#xE1;stico, geogr&#xE1;fico y tem&#xE1;tico.</subfield>
  </datafield>
  <datafield tag="505" ind1="0" ind2=" ">
    <subfield code="g">v.1 : </subfield>
    <subfield code="t">Cuentas de las Cajas Reales de Santo Domingo : tomadas al tesorero Miguel de Pasamonte por el licenciado Alonso L&#xF3;pez de Cerrato : 1520-1525 --</subfield>
    <subfield code="t">Presentaci&#xF3;n / Genaro Rodr&#xED;guez Morel --</subfield>
    <subfield code="t">Archivo General de Indias. Contadur&#xED;a 1050 N.&#xBA; 1 --</subfield>
    <subfield code="g">v.2</subfield>
    <subfield code="t">Cuentas de las Cajas Reales de Santo Domingo :
Resto del t&#xED;tulo	tomadas al tesorero Miguel de Pasamonte por el licenciado Alonso L&#xF3;pez de Cerrato : 1525-1534 --
</subfield>
    <subfield code="t">Presentaci&#xF3;n / Genaro Rodr&#xED;guez Morel --</subfield>
    <subfield code="t">Archivo General de Indias. Contadur&#xED;a 1050 N.&#xBA; 2 --</subfield>
  </datafield>
  <datafield tag="590" ind1=" " ind2=" ">
    <subfield code="a">Inventariado, 2021 /VM

</subfield>
  </datafield>
  <datafield tag="651" ind1=" " ind2=" ">
    <subfield code="a">Rep&#xFA;blica Dominicana  </subfield>
    <subfield code="x">Historia</subfield>
    <subfield code="x">Fuentes</subfield>
    <subfield code="y">1520-1525</subfield>
  </datafield>
  <datafield tag="910" ind1=" " ind2=" ">
    <subfield code="a">VMateo V. </subfield>
  </datafield>
  <datafield tag="942" ind1=" " ind2=" ">
    <subfield code="2">ddc</subfield>
    <subfield code="c">BK</subfield>
  </datafield>
  <datafield tag="952" ind1=" " ind2=" ">
    <subfield code="0">0</subfield>
    <subfield code="1">0</subfield>
    <subfield code="2">ddc</subfield>
    <subfield code="4">0</subfield>
    <subfield code="7">0</subfield>
    <subfield code="8">CD</subfield>
    <subfield code="a">BPMET</subfield>
    <subfield code="b">BPMET</subfield>
    <subfield code="d">2021-08-03</subfield>
    <subfield code="e">AGN</subfield>
    <subfield code="l">0</subfield>
    <subfield code="o">BPMSU CD 972.9302  R696c 2020</subfield>
    <subfield code="p">BPMSU21080005</subfield>
    <subfield code="r">2021-08-03</subfield>
    <subfield code="t">v.1</subfield>
    <subfield code="w">2021-08-03</subfield>
    <subfield code="y">BK</subfield>
  </datafield>
  <datafield tag="952" ind1=" " ind2=" ">
    <subfield code="0">0</subfield>
    <subfield code="1">0</subfield>
    <subfield code="2">ddc</subfield>
    <subfield code="4">0</subfield>
    <subfield code="7">0</subfield>
    <subfield code="8">CD</subfield>
    <subfield code="a">BPMET</subfield>
    <subfield code="b">BPMET</subfield>
    <subfield code="d">2021-08-03</subfield>
    <subfield code="e">AGN</subfield>
    <subfield code="l">0</subfield>
    <subfield code="o">BPMSU CD 972.9302  R696c 2020</subfield>
    <subfield code="p">BPMSU21080007</subfield>
    <subfield code="r">2021-08-03</subfield>
    <subfield code="t">v.2</subfield>
    <subfield code="w">2021-08-03</subfield>
    <subfield code="y">BK</subfield>
  </datafield>
  <datafield tag="952" ind1=" " ind2=" ">
    <subfield code="0">0</subfield>
    <subfield code="1">0</subfield>
    <subfield code="2">ddc</subfield>
    <subfield code="4">0</subfield>
    <subfield code="7">0</subfield>
    <subfield code="8">CD</subfield>
    <subfield code="a">BPMET</subfield>
    <subfield code="b">BPMET</subfield>
    <subfield code="d">2021-08-03</subfield>
    <subfield code="e">AGN</subfield>
    <subfield code="l">0</subfield>
    <subfield code="o">BPMSU CD 972.9302  R696c 2020</subfield>
    <subfield code="p">BPMSU24110033</subfield>
    <subfield code="r">2024-11-19</subfield>
    <subfield code="t">v.1, e.2</subfield>
    <subfield code="w">2021-08-03</subfield>
    <subfield code="y">BK</subfield>
  </datafield>
  <datafield tag="952" ind1=" " ind2=" ">
    <subfield code="0">0</subfield>
    <subfield code="1">0</subfield>
    <subfield code="2">ddc</subfield>
    <subfield code="4">0</subfield>
    <subfield code="7">0</subfield>
    <subfield code="8">CD</subfield>
    <subfield code="a">BPMET</subfield>
    <subfield code="b">BPMET</subfield>
    <subfield code="d">2021-08-03</subfield>
    <subfield code="e">AGN</subfield>
    <subfield code="l">0</subfield>
    <subfield code="o">BPMSU CD 972.9302 R696c 2020</subfield>
    <subfield code="p">BPMSU25010012</subfield>
    <subfield code="r">2025-01-16</subfield>
    <subfield code="t">v.2, e.2</subfield>
    <subfield code="w">2021-08-03</subfield>
    <subfield code="y">BK</subfield>
  </datafield>
  <datafield tag="952" ind1=" " ind2=" ">
    <subfield code="0">0</subfield>
    <subfield code="1">0</subfield>
    <subfield code="2">ddc</subfield>
    <subfield code="4">0</subfield>
    <subfield code="7">0</subfield>
    <subfield code="8">CD</subfield>
    <subfield code="a">BPMET</subfield>
    <subfield code="b">BPMET</subfield>
    <subfield code="d">2021-08-03</subfield>
    <subfield code="e">AGN</subfield>
    <subfield code="l">0</subfield>
    <subfield code="o">BPMSU CD 972.9302  R696c 2020</subfield>
    <subfield code="p">BPMSU25110113</subfield>
    <subfield code="r">2025-11-27</subfield>
    <subfield code="t">v.1, e.3</subfield>
    <subfield code="w">2021-08-03</subfield>
    <subfield code="y">BK</subfield>
  </datafield>
  <datafield tag="952" ind1=" " ind2=" ">
    <subfield code="0">0</subfield>
    <subfield code="1">0</subfield>
    <subfield code="2">ddc</subfield>
    <subfield code="4">0</subfield>
    <subfield code="7">0</subfield>
    <subfield code="8">CD</subfield>
    <subfield code="a">BPMET</subfield>
    <subfield code="b">BPMET</subfield>
    <subfield code="d">2021-08-03</subfield>
    <subfield code="e">AGN</subfield>
    <subfield code="l">0</subfield>
    <subfield code="o">BPMSU CD 972.9302 R696c 2020</subfield>
    <subfield code="p">BPMSU25110114</subfield>
    <subfield code="r">2025-11-27</subfield>
    <subfield code="t">v.2, e.3</subfield>
    <subfield code="w">2021-08-03</subfield>
    <subfield code="y">BK</subfield>
  </datafield>
  <datafield tag="999" ind1=" " ind2=" ">
    <subfield code="c">13613</subfield>
    <subfield code="d">13613</subfield>
  </datafield>
</record>
